| 000 | 01175nam a2200289 4500 | ||
|---|---|---|---|
| 001 | 114275 | ||
| 003 | DR-UNIBE | ||
| 005 | 20251210100006.0 | ||
| 008 | 251204b2023 dr ||||| |||| 00| 1 spa d | ||
| 040 |
_aBIBLIOTECA UNIBE _bspa _cBIBLIOTECA UNIBE _erda |
||
| 041 | _aspa | ||
| 090 | _aFBIU - DRP CI P426e | ||
| 100 | 1 | 0 |
_aPeralta, Gerolin Carolina _9201267 _eautor |
| 245 | 1 | 3 |
_aEl elefante y el pececito / _cGerolin Carolina Peralta ; ilustraciones : Miguel Cepeda ; Edición y diseño gráfico: Ana Galán |
| 250 | _aPrimera edición | ||
| 260 |
_aLoma Cabarete : _bDream Project, _c2023 |
||
| 300 |
_a[Sin páginas] : _bilustraciones a color ; _c20 x 20 cm |
||
| 500 | _aDatos del autor ganador del concurso de escritura de Dream Project y del ilustrador al final de la obra | ||
| 653 | 7 | _aLiteratura infantil dominicana | |
| 653 | 7 | _aCuento infantil dominicano | |
| 653 | 7 | _aUnión - Cuentos infantiles dominicanos | |
| 653 | 7 | _aElefantes - Cuentos infantiles dominicanos | |
| 653 | 7 | _aPeces - Cuentos infantiles dominicanos | |
| 700 | 1 | 0 |
_aCepeda, Miguel _9145513 _eilustrador |
| 700 | 1 | 0 |
_aGalán, Ana _9154971 _eeditor _ediseñador gráfico |
| 942 |
_2ddc _cBK |
||
| 999 |
_c114275 _d114275 |
||